000 01031nam a2200253 a 4500
001 54088
003 BD-RjUL
005 20211209080054.0
008 161101s1992 ii ||||| |||| 00| 0 ben d
020 _c: IRs 50.00
035 _a(BD-RjUL)54210
040 _aBD-RjUL
_bben
_cBD-RjUL
041 _aben
082 _223
_a891.4409
_bBHN 1992
100 _aভট্রাচার্য, হিরণ্ময়
_9161492
245 1 0 _aনির্বাসিত সাহিত্য /
_cহিরণ্ময় ভট্রাচার্য
250 _a২য় সং .
260 _aকলকাতা :
_bবিপিন বিহারী গাঙ্গুলী স্ট্রীট,
_c১৯৯২
300 _a খণ্ড :
_bচিত্র ;
_c১৯ সেমি.
505 _aখণ্ড ১ --
650 _aবাংলা সাহিত্য
_xইতিহাস ও সমালোচনা
_9161493
650 _aBengali Literature
_xHistory & Criticism
_9161494
942 _2ddc
_cBK
999 _c54088
_d54088